000 00595nam a2200193 4500
999 _c14054
_d14054
020 _a9780545666596
082 _aFic. C6954g 2014
100 _aCowley, Joy
245 _aGo ky a flite /
_cby Joy Cowley ; illustrated by Steven Wood
260 _aNew York
_bScholastic
_cc2014
300 _a16 pages :
_bchiefly color illustration ;
_c17.8 x 21 cm
504 _aLexile measure: 400L
526 _aFICTION
650 _aKites -- Juvenile literature
650 _aRobots -- Juvenile literature
650 _a Readers (Elementary)
650 _aChildren's stories, English
942 _2ddc
_cBK